000
00193 a2200097 4500
020
_a
9780882721330
041
_a
spa
100
_a
Lee, Hee Ju
245
_a
Construyamos una piramide
942
_c
BK
999
_c
8733
_d
8733